Responses for Show #1926 - Monday, January 11, 1993

Composited clue zooms replace in-camera clue zooms.

Contestants

[<< previous game]

Jim Dolge, a consultant from Reston, Virginia

Nancy Butts, a reporter from Barnesville, Georgia

Paul Klein, a professor from North Miami Beach, Florida (whose 2-day cash winnings total $20,602)

[next game >>]

Jeopardy! Round responses

MAMMALS
GAMES
BUSINESS & INDUSTRY
THE WHITE HOUSE
POTPOURRI
STARTS & ENDS WITH "A"
    $100 4
their trunk

Paul
    $100 2
Pin the Tail on the Donkey

Paul
    $100 23
McDonald's

Paul
    $100 21
a chandelier

Nancy
    $100 16
Reagan

Nancy
    $100 1
aloha

Nancy
    $200 5
smell

Paul
    $200 10
Pope John Paul II

Paul
    $200 24
Woolworth

Nancy
    $200 22
Dublin

Paul
    $200 17
ketchup

Nancy
    $200 3
an antenna

Nancy
    $300 6
the sea otter

Triple Stumper
    $300 13
Monopoly

Paul
    $300 25
Walmart

Nancy
    $300 28
Abigail Adams

Jim
    $300 18
a flea market

Jim
    $300 9
algebra

Nancy
    $400 7
kangaroo mice (kangaroo rats)

Triple Stumper
    $400 14
Operation

Nancy
    $1,000 26
Ocean Spray

Nancy
    $400 29
the Queen's Room (the Queen's Bedroom)

Triple Stumper
    $400 19
Liberia

Paul
    $400 11
alfalfa

Nancy
    $500 8
velvet

Paul
    $500 15
All My Children

Nancy
    $500 27
DuPont

Paul
    $500 30
Blair House

Paul
    $500 20
Virginia

Jim
    $500 12
(Jim: What is aphrodisiac?)
...
(Alex: [*] is right, but I like Jim's thought.)
[Laughter]

ambrosia

NancyJim

Scores at the first commercial break (after clue 14):

Paul Nancy Jim
$1,400 $1,900 -$500

Scores at the end of the Jeopardy! Round:

Paul Nancy Jim
$3,100 $4,300 $600

Double Jeopardy! Round responses

WASHINGTON STATE
ROYALTY
AMERICAN COMPOSERS
LANGUAGES
THE 1980s
ANCIENT QUOTES
    $200 18
apples

Paul
    $200 21
the lion

Jim
    $200 9
George Gershwin

Paul
    $200 4
Portuguese

Nancy
    $200 1
Strategic defense initiative

Jim
    $200 14
Julius Caesar

Jim
    $400 24
salmon

Nancy
    $400 22
Mary

Paul
    $400 10
Henry Mancini

Paul
    $400 5
Chinese

Jim
    $400 2
(Paul: Who is Robertson?)

Reverend Jerry Falwell

Paul
Triple Stumper
    $400 17
peace

Nancy
    $600 25
(Jim: What is the Columbia?)

the Snake

NancyJim
    $600 23
(Paul: Who is Hirohito?)

Akihito

PaulNancy
    $600 11
Stephen Foster

Paul
    $600 6
Italian

Paul
    $600 3
admit women

Nancy
    $600 19
the other

Paul
    $800 26
(Jim: What is Mount Whitney?)

Mount Rainier

Jim
Triple Stumper
    $800 29
Sweden

Jim
    $800 12
(Paul: Who is Fats Weller?)

Duke Ellington

PaulJim
    $800 7
Greek

Paul
    $800 15
(Paul: What is Eastern?)
(Jim: What is Continental?)

Braniff

PaulJim
Triple Stumper
    $400 20
(Paul: Who is Aeschylus?)

Sophocles

Paul
    $1,000 27
Dixy (Lee) Ray

Nancy
    $1000 30
Maria Theresa

Nancy
    $1000 13
Cole Porter

Jim
    $1000 8
French (or English)

Paul
    $1000 16
Tito

Jim
    $1000 28
Aristophanes

Jim

Scores at the end of the Double Jeopardy! Round:

Paul Nancy Jim
$4,900 $9,100 $4,000

[wagering suggestions for these scores]

Final Jeopardy! Round responses

SHAKESPEARE
JimWhat Love's Labors Lost
$3,900
PaulWhat is 12th Night?
$4,201
NancyWhat is Taming of the Shrew?
$701
The Taming of the Shrew

Final scores:

Paul Nancy Jim
$699 $9,801 $100
2nd place: a trip to San Juan, Puerto Rico New champion: $9,801 3rd place: Cazal 951 & 955 sunglasses + Wheel of Fortune & Jeopardy! games for the 16-bit Super Nintendo Entertainment System & Sega Genesis system

Game dynamics:

Coryat scores:

Paul Nancy Jim
$5,300 $8,500 $4,000
20 R,
5 W
(including 1 DD)
21 R
(including 2 DDs),
0 W
12 R,
4 W

Combined Coryat: $17,800

[game clues] [game scores] [suggest correction]

Game tape date: 1992-09-22
The J! Archive is created by fans, for fans. Scraping, republication, monetization, and malicious use prohibited; this site may use cookies and collect identifying information. See terms. The Jeopardy! game show and all elements thereof, including but not limited to copyright and trademark thereto, are the property of Jeopardy Productions, Inc. and are protected under law. This website is not affiliated with, sponsored by, or operated by Jeopardy Productions, Inc. Join the discussion at JBoard.tv.